=LDR 00000nam 2200000 4500 =001 INLIS000000000019482 =005 20130612114533 =008 ***********************************Ind** =035 ##$$0010-061300000019482 =041 ##$$a Ind =082 ##$$a 428 =090 ##$$a 428, Sya t =100 ##$$a Syah, Jalinus =245 ##$$a Tourist guide converstion, Djalinus Syah =260 ##$$a 2005 $b Jakarta =300 ##$$a xi, 247 hlm, 20 cm =650 ##$$a Bahasa Inggris-Percakapan =850 ##$$a NBPNMAT